000 00687nam a2200289Ia 4500
005 20260324122951.0
008 008 260324s9999 xx 000 0 eng d
020 _a9780429112782
037 _aEBOOK
040 _aCRL
040 _beng
040 _cCRL
041 _2eng
041 _aeng
084 _qCRL
100 _aTom C. Witt
_91168521
245 0 _aIT Best Practices
245 0 _bManagement, Teams, Quality, Performance, and Projects
260 _bTaylor and Francis
260 _c2012
365 _a
365 _b260
856 _uhttp://www.taylorfrancis.com/books/9780429112782
942 _cEBOOK
999 _c1761628
_d1761628